[Event "Montigny le Bretonneux Noel op 17th"]
[Site "Montigny le Bretonneux"]
[Date "2016.12.28"]
[Round "4"]
[White "Larramendy, Pierre"]
[Black "Nguyen, Hai Long"]
[Result "1-0"]
[WhiteElo "1796"]
[BlackElo "1567"]
[PlyCount "73"]
[EventDate "2016.12.26"]
[EventType "swiss"]
[EventRounds "7"]
[EventCountry "FRA"]
[SourceTitle "CBM 176 Extra"]
[Source "ChessBase"]
[SourceDate "2017.03.02"]
[SourceVersion "1"]
[SourceVersionDate "2017.03.02"]
[SourceQuality "1"]

1. d4 Nf6 2. c4 g6 3. Nc3 d5 4. Nf3 Bg7 5. Qb3 dxc4 6. Qxc4 0-0 7. e4 Bg4 8. Be2 e6 9. Be3 c6 10. h3 Bxf3 11. Bxf3 Nbd7 12. 0-0-0 Qa5 13. Kb1 Rfc8 14. Qd3 c5 15. g4 cxd4 16. Bxd4 Ne5 17. Bxe5 Qxe5 18. h4 h5 19. gxh5 Nxh5 20. Bxh5 Qxh5 21. f4 Bf6 22. Rdg1 Rd8 23. Qc2 Kf8 24. Rf1 Rac8 25. f5 exf5 26. exf5 Kg7 27. fxg6 fxg6 28. Rfg1 Rd4 29. Rg2 Rxh4 30. Rhg1 g5 31. Qf5 Qg6 32. Rxg5 Bxg5 33. Rxg5 Rh1+ 34. Kc2 Rh2+ 35. Kb3 Rc6 36. Rxg6+ Rxg6 37. Qe5+ 1-0